| 000 | 00574nam a2200205Ia 4500 | ||
|---|---|---|---|
| 003 | GCL | ||
| 008 | 140319s9999 xx 000 0 eng d | ||
| 020 | _a0072130849 | ||
| 040 |
_aGCL / _cGCL |
||
| 082 | 0 | 4 |
_a005.3 _bS J |
| 100 | 1 | _aSCHILDT, HERBERT | |
| 245 | 1 | 0 |
_aJAVA 2 : THE COMPLETE REFERENCE / _cSCHILDT, HERBERT |
| 250 | _aFOURTH | ||
| 260 |
_aنيويورك : _bOSBORNE MCGRAOW - HILL ، _c2001 |
||
| 300 |
_a32 CM ؛ _c1077 P |
||
| 650 | 0 | 4 | _aPROGRAMMING LANGUAGE |
| 650 | 0 | 4 | _aCOMPUTER PROGRAMS, JAVA |
| 650 | 0 | 4 | _aCOMPUTER PROGRAM LANGUAGE |
| 942 |
_2ddc _cBK |
||
| 999 |
_c7267 _d7267 |
||